000 01026nam a2200253Ia 4500
003 OSt
005 20220923224314.0
006 a|||||r|||| 00| 0
007 ta
008 220922b |||||||| |||| 00| 0 hin d
024 _a230,859
037 _cTextual
040 _aARTS
_cARTS
_bhin
041 _2hin
_ahin
082 _aO15,1K75:g, 152N2
100 _aश्रीरामचन्द्रुदु, पी.; चतुर्वेदी, मिथिलेश, अनु.
_9167895
245 0 _aपण्डितराज जगन्नाथ
246 _aPaṇḍitarāj jagannātha
260 _aनई दिल्ली
_b साहित्य अकादमी
_c1992
300 _a83पृ.
_ccm.
490 _aभारतीय साहित्य के निर्माता
942 _hO15,1K75:g, 152N2
_cTEXL
_2CC
999 _c370525
_d370525